000 01359cam a22002894a 4500
005 20250605164202.0
008 250528s ||||||||||||||||||||||||d
035 _a19773
020 _a9600217025
040 _aGR-AtMCL
_bgre
_dGR-AtMCL
_eAACR2
245 1 _aΕισαγωγή στην Ψυχολογία του Hilgard - Hilgard's Introduction to Psychology.
_nΤόμος Α' Σειρά Α': Ψυχολογία
250 _a13η
260 _bΠαπαζήση,
_c2003
300 _a780
520 _aΗ εισαγωγή στην ψυχολογία του Hilgard παραμένει ένα από τα πιο δημοφιλή βιβλία εισαγωγής στην ψυχολογία. Η παράδοση του Ernest Hilgard να απευθύνεται στον φοιτητή, συνεχίζεται μέχρι και σήμερα με μια εξαιρετική ισορροπία ανάμεσα στις καθιερωμένες θεωρίες
700 1 _aAtkinson Richard C.
_9261
700 1 _aAtkinson Rita L.
_9262
700 1 _aBem Daryl J.
_9263
700 1 _aNolen - Hoeksema Susan
_95971
700 1 _aSmith Edward E
_9264
700 1 _aΒορρία Γιώτα
_95972
700 1 _aΝτάβου Μπετίνα
_95973
700 1 _aΠαπαληγούρα Ζαϊρα
_93059
942 _cBK
999 _c5029
_d5029